| 000 | 01257nam a2200289 a 4500 | ||
|---|---|---|---|
| 003 | DO-SdBNP | ||
| 005 | 20240307073943.0 | ||
| 007 | ta | ||
| 008 | 150409s2022 dr r 001 0 spa d d | ||
| 020 | _a9789945927498 | ||
| 040 |
_aDO-SdBNP _bspa _cBNPHU |
||
| 082 |
_aF- _bI59g, 2019 _222 |
||
| 100 | 1 | 0 |
_aSuriel Fernández, José Manuel _982501 |
| 110 | 2 |
_aInstituto Tecnológico de Santo Domingo _978911 |
|
| 245 | 0 | 0 |
_aGuía para el desarrollo del acompañamiento pedagógico : _bde la maestría en evaluación educativa / _cJosé Ramón Suriel Fernández, Ubaldina Medina Díaz, Irene Machado Cruz |
| 260 |
_aSanto Domingo : _bInstituto Tecnológico de Santo Domingo, _c2022. |
||
| 300 |
_a42 p. : _bil. ; _c29 cm. |
||
| 505 | _tIntroducción 9 -- Fundamentación 11 -- Ruta procedimental para el desarrollo del acompañamiento pedagógico 15 -- Bibliografía 29 -- Anexos 31. | ||
| 590 | _aInventariado, 2022 / DG | ||
| 650 | 4 |
_aInnovaciones educativas _977314 _zRepública Dominicana |
|
| 650 | 4 |
_aEducación superior _977315 _zRepública Dominicana |
|
| 700 |
_aMedina Díaz, Ubaldina _eautor _982502 |
||
| 700 |
_aMachado Cruz, Irene _eautor _982503 |
||
| 710 | 2 |
_aInstituto Tecnológico de Santo Domingo _978911 |
|
| 910 | _aDG | ||
| 942 |
_2ddc _cLF2 |
||
| 999 |
_c52534 _d52534 |
||